00389nam a2200145Ia 450000500170000000800410001703700130005804000200007104100130009108400150010410000150011924500570013426000430019130000090023420250326142724.0250326s9999 xx 000 0 und d aTextbook aFMSLbengcFMSL aeng2eng aX M1qFMSL aWhynes D K 0aEconomic theory of the statecWhynes D K; Bowles R A aOxfordbOxford, Martin Robertsonc1981 a251p